000 01512nam0a2200349 4500
001 RU\NLR\bibl\1000756
005 20260406123534.0
010 _a5-699-16958-X
_bКП
010 _a5-699-16959-8
_bСР
021 _aRU
_b2006-56556
_92798
035 _a(nilc)RSL-KNO-002940381
035 _a(NLR Aleph) 000988474
090 _a503744
_c503744
100 _a20060926d2006 |||y0rusy50 ca
101 1 _arus
_ceng
102 _aRU
105 _ay |||||||||
106 _ar
200 1 _aСтрелы любви
_eроман
_fБарбара Картленд
_g[пер. с англ. Н. Холмогоровой]
210 _aМосква
_cЭксмо
_d2006
_eН.Новгород
_gНижполиграф
215 _a254, [1] с.
_d19
225 1 _aСобрание романов
610 0 _aФилологические науки. Художественная литература -- Великобритания -- Английская литература -- с 1945 г. -- Произведения художественной литературы -- Художественная проза -- Романы. Повести. Рассказы
686 _aШ5(4Вл)62-644
_2rubbk
686 _aШ6(4Вл)67-440.4{Лх1299-50}
700 1 _4070
_8rus
_7ca
_aКартланд
_bБ.
_f1901-2000
_gБарбара
_3RU\NLR\auth\77841
_9110879
801 0 _aRU
_bРКП
_c20060926
_grcr
801 1 _aRU
_bРГБ
_c20060926
801 2 _aRU
_bNLR
_c20061024
_grcr
942 _cBOOK
980 _aNB